Japan '81

Salvato in:
Dettagli Bibliografici
Natura: Libro
Lingua:inglese
Pubblicazione: Tokyo Statistics Bureau 1981
Tags: Aggiungi Tag
Nessun Tag, puoi essere il primo ad aggiungerne!!

MARC

LEADER 00000nam a2200000 4500
001 c138042
005 20041019155311.8
041 0 |a eng 
044 |a JP 
245 1 0 |a Japan '81 
264 1 |a Tokyo  |b Statistics Bureau  |c 1981 
300 |a 73 s.